| 000 | 00762nam a22002297a 4500 | ||
|---|---|---|---|
| 005 | 20170124110236.0 | ||
| 010 | _aA-991594 | ||
| 020 |
_c00.00 _a8176481017 |
||
| 035 | _aA-991594 | ||
| 037 | _bCen Lib/Ret | ||
| 040 |
_aDPL _bEN |
||
| 082 |
_a333.794 _bMAZ |
||
| 100 |
_aMazumdar, B. _941929 |
||
| 245 |
_aA text book of energy technology : _cby B. Mazumadar _bboth conetional and renewable source of energy / |
||
| 260 |
_aNew Delhi _bA.P.H. publishing corporation _c1999 |
||
| 270 |
_bNew Delhi _a5, Ansari road, Daryaganj _e110002 |
||
| 300 |
_a208p. _c23cm(Hb) |
||
| 500 | _aIncludes bibliographical references and index | ||
| 650 |
_aEnergy technology _941930 |
||
| 650 |
_aRenewal energy _941931 |
||
| 942 |
_2ddc _cEN _h333.794 _mMAZ |
||
| 999 |
_c134841 _d134841 |
||